| 000 | 00590nam a2200205Ia 4500 | ||
|---|---|---|---|
| 003 | GCL | ||
| 008 | 140319s9999 xx 000 0 eng d | ||
| 040 |
_aGCL / _cGCL |
||
| 082 | 0 | 4 |
_aCC _b932.071 _bM T |
| 100 | 1 | _aMINISTE'RE D'ETAT OFFAIRES CULTURELLES | |
| 245 | 1 | 0 |
_aTOUT ANK AMON ET SON TEMEPS / _cMINISTE'RE D'ETAT OFFAIRES CULTURELLES |
| 260 |
_a[S.N] : _bMUSE'E DU PETIT PALAIS ، _c1967 |
||
| 300 | _a205 | ||
| 650 | 0 | 4 | _aANCIENT EGYPT |
| 650 | 0 | 4 | _aHISTORY |
| 650 | 0 | 4 | _aARCHAEOLOGY |
| 650 | 0 | 4 | _aEGYPTOLOGY |
| 650 | 0 | 4 | _aKNOXVILLE ( TENN . ) - CIVLIZATION |
| 942 |
_2ddc _cBK |
||
| 999 |
_c16192 _d16192 |
||